000 01235nam a2200229Ia 4500
008 0000002010 bl ad 0000000000mul00
090 _aPUS00 A42a
245 1 0 _aAlex Katz
_c/ Vincent Katz [poems] ; curadoria Vivien Bittencourt ; traducao Regina Alfarano ; fotos Paul Takeuchi
300 _a[56] p.
_c/ 26 cm.
500 _aExposición realizada en Luciana Brito Galeria, mayo junio, 2010 \ Incluye cronología del artista \ Texto bilingue: portugués inglés \ Proyecto Ganador Programa Apoyos Concertados FGAA 2010
501 _aOusadia We recuperated = Nos recuperamos Suco integral Monophony = Monofonia The regatttas at SainteAdresse = As regatas em Sainte Adresse Rua Beach = Praia A final poem = Poems final EXpanse = Vastidáo Por do sol Garden = Jardim
600 0 0 _aKATS, ALEX, 1927/
_xTRABAJOS PICTORICOS
650 1 4 _aARTE CONTEMPORANEO ESTADOUNIDENSE
650 1 4 _aARTISTAS PLASTICOS ESTADOUNIDENSES
650 1 4 _xCATALOGOS
650 1 4 _xEXPOSICIONES
650 1 4 _aPINTORES ESTADOUNIDENSES
650 1 4 _aPINTURA ESTADOUNIDENSE
650 1 4 _aSERIGRAFIA
700 1 _aBittencourt, Vivien \ Alfarano, Regina \ Takeuchi, Raul
999 _c12122
_d12122
260 _aSao Paulo : Luciana Brito Galeria
_c2010